Statistics for Percy Jackson/Heroes of Olympus Characters

Click here to take the quiz!

General Stats

  • This quiz has been taken 401 times
  • The average score is 43 of 77

Answer Stats

Last/Hint First % Correct
JacksonPercy
100%
ChaseAnnabeth
98%
UnderwoodGrover
95%
DiAngeloNico
95%
BlofisPaul
95%
UglianoGabe
95%
ValdezLeo
94%
McleanPiper
94%
ZhangFrank
94%
LevesqueHazel
93%
CastellanLuke
92%
(Cyclops)Tyson
91%
DareRachel
90%
(Centaur)Chiron
89%
Jason
89%
Avila-Ramirez ArellanoReyna
88%
GraceThalia
88%
LaRueClarisse
86%
NightshadeZoe
86%
Sally
84%
Travis
83%
StollConnor
81%
BeckendorfCharles
81%
(Tree Nymph)Juniper
81%
NakamuraEthan
80%
(Hellhound)Mrs. O'Leary
80%
SolaceWill
80%
(Bronze Dragon)Festus
79%
BeauregardSilena
77%
(Harpy)Ella
76%
Bianca
76%
RodriguezChris
75%
(Boreads)Calais
74%
HedgeGleeson
72%
(Ogygia)Calypso
71%
TanakaDrew
66%
(Roman Oracle)Octavian
65%
GardnerKatie
64%
BobofitNancy
60%
FletcherLee
56%
Maria
55%
(Snow Godess)Khione
52%
Hylla
51%
(100 Handed One)Briares
45%
Pollux
44%
MasonJake
43%
Tristan
42%
Sammy
40%
May
39%
(Dionysus' Sons)Castor
37%
YewMicheal
36%
(Iris Cabin)Butch
36%
Marie
35%
(Hephaestus Campers)Nyssa
34%
Mellie
33%
(Hypnos Cabin)Clovis
32%
(Reyna's Pets)Aurum
31%
Argentum
31%
GardinerMiranda
29%
Esperanza
28%
(Mrs. Dodds)Alecto
27%
Emily
27%
(Aphrodite Campers)Lacy
26%
Bobby
24%
Matthew
22%
Scipio
21%
Mitchell
18%
Harley
17%
Zethes
17%
Thomas
17%
Rich
8%
Jim
7%
Shane
6%
Christopher
6%
GreenHalcyon
5%
Laura
4%
Frderick
3%

Score Distribution

Percentile by Number Answered

Percent of People with Each Score

Your Score History

You have not taken this quiz